Cardiac imaging : (Record no. 12185)
[ view plain ]
| 000 -LEADER | |
|---|---|
| fixed length control field | 01589cam a2200433 i 4500 |
| 001 - CONTROL NUMBER | |
| control field | 856623128 |
| 003 - CONTROL NUMBER IDENTIFIER | |
| control field | OCoLC |
| 005 - DATE AND TIME OF LATEST TRANSACTION | |
| control field | 20240809075217.0 |
| 008 - FIXED-LENGTH DATA ELEMENTS--GENERAL INFORMATION | |
| fixed length control field | 130815s2014 pau b 001 0 eng |
| 010 ## - LIBRARY OF CONGRESS CONTROL NUMBER | |
| LC control number | 2013033292 |
| 020 ## - INTERNATIONAL STANDARD BOOK NUMBER | |
| International Standard Book Number | 9780323065191 (pbk. : alk. paper) |
| 020 ## - INTERNATIONAL STANDARD BOOK NUMBER | |
| International Standard Book Number | 0323065198 (pbk. : alk. paper) |
| 035 ## - SYSTEM CONTROL NUMBER | |
| System control number | (OCoLC)856623128 |
| Canceled/invalid control number | (OCoLC)851416500 |
| 040 ## - CATALOGING SOURCE | |
| Original cataloging agency | DNLM/DLC |
| Language of cataloging | eng |
| Description conventions | rda |
| Transcribing agency | DLC |
| Modifying agency | YDX |
| -- | BTCTA |
| -- | NLM |
| -- | OCLCO |
| -- | YDXCP |
| -- | OCLCO |
| -- | OCLCF |
| -- | CHVBK |
| 042 ## - AUTHENTICATION CODE | |
| Authentication code | pcc |
| 050 00 - LIBRARY OF CONGRESS CALL NUMBER | |
| Classification number | RC683.5.R3 |
| Item number | R43 2014 |
| 060 00 - NATIONAL LIBRARY OF MEDICINE CALL NUMBER | |
| Classification number | 2014 A-433 |
| 060 10 - NATIONAL LIBRARY OF MEDICINE CALL NUMBER | |
| Classification number | WG 18.2 |
| 082 00 - DEWEY DECIMAL CLASSIFICATION NUMBER | |
| Classification number | 616.1/207540076 |
| Edition number | 23 |
| Item number | RED |
| 100 1# - MAIN ENTRY--PERSONAL NAME | |
| Personal name | Reddy, Gautham P., |
| Relator term | author. |
| 9 (RLIN) | 22948 |
| 245 10 - TITLE STATEMENT | |
| Title | Cardiac imaging : |
| Remainder of title | case review / |
| Statement of responsibility, etc | Gautham P. Reddy, Robert M. Steiner, Christopher M. Walker. |
| 250 ## - EDITION STATEMENT | |
| Edition statement | Second edition. |
| 300 ## - PHYSICAL DESCRIPTION | |
| Extent | ix, 326 pages ; |
| Dimensions | 28 cm. |
| 490 1# - SERIES STATEMENT | |
| Series statement | Case review series. |
| 504 ## - BIBLIOGRAPHY, ETC. NOTE | |
| Bibliography, etc | Includes bibliographical references and indexes. |
| 650 #0 - SUBJECT ADDED ENTRY--TOPICAL TERM | |
| Topical term or geographic name as entry element | Heart |
| General subdivision | Imaging |
| Form subdivision | Case studies. |
| 9 (RLIN) | 22949 |
| 650 #0 - SUBJECT ADDED ENTRY--TOPICAL TERM | |
| Topical term or geographic name as entry element | Heart |
| General subdivision | Imaging |
| Form subdivision | Problems, exercises, etc. |
| 9 (RLIN) | 22950 |
| 650 12 - SUBJECT ADDED ENTRY--TOPICAL TERM | |
| Topical term or geographic name as entry element | Cardiac Imaging Techniques |
| General subdivision | methods. |
| 9 (RLIN) | 22951 |
| 650 22 - SUBJECT ADDED ENTRY--TOPICAL TERM | |
| Topical term or geographic name as entry element | Cardiovascular Diseases |
| General subdivision | diagnostic imaging. |
| 9 (RLIN) | 22952 |
| 655 #2 - INDEX TERM--GENRE/FORM | |
| Genre/form data or focus term | Problems and Exercises. |
| 9 (RLIN) | 22390 |
| 655 #7 - INDEX TERM--GENRE/FORM | |
| Genre/form data or focus term | Case studies. |
| Source of term | fast |
| 9 (RLIN) | 22953 |
| 655 #7 - INDEX TERM--GENRE/FORM | |
| Genre/form data or focus term | Problems and exercises. |
| Source of term | fast |
| 9 (RLIN) | 22390 |
| 655 #7 - INDEX TERM--GENRE/FORM | |
| Genre/form data or focus term | Case studies. |
| Source of term | lcgft |
| 9 (RLIN) | 22953 |
| 655 #7 - INDEX TERM--GENRE/FORM | |
| Genre/form data or focus term | Problems and exercises. |
| Source of term | lcgft |
| 9 (RLIN) | 22390 |
| 700 1# - ADDED ENTRY--PERSONAL NAME | |
| Personal name | Steiner, Robert M., |
| Relator term | author. |
| 9 (RLIN) | 22954 |
| 700 1# - ADDED ENTRY--PERSONAL NAME | |
| Personal name | Walker, Christopher M., |
| Relator term | author. |
| 9 (RLIN) | 22955 |
| 830 #0 - SERIES ADDED ENTRY--UNIFORM TITLE | |
| Uniform title | Case review series. |
| 9 (RLIN) | 22956 |
| 942 ## - ADDED ENTRY ELEMENTS (KOHA) | |
| Source of classification or shelving scheme | Dewey Decimal Classification |
| Koha item type | Books |
| Withdrawn status | Lost status | Source of classification or shelving scheme | Damaged status | Not for loan | Home library | Current library | Date acquired | Inventory number | Total Checkouts | Full call number | Barcode | Date last seen | Copy number | Price effective from | Koha item type |
|---|---|---|---|---|---|---|---|---|---|---|---|---|---|---|---|
| Dewey Decimal Classification | Main Library | Faculty of Nursing & Health Sciences Library | 09/08/2024 | 34740 | 616.1/207540076 RED | bsu24080909 | 09/08/2024 | 001 | 09/08/2024 | Books | |||||
| Dewey Decimal Classification | Main Library | Faculty of Nursing & Health Sciences Library | 09/08/2024 | 34741 | 616.1/207540076 RED | bsu24080910 | 09/08/2024 | 002 | 09/08/2024 | Books | |||||
| Dewey Decimal Classification | Main Library | Faculty of Nursing & Health Sciences Library | 09/08/2024 | 34742 | 616.1/207540076 RED | bsu24080911 | 09/08/2024 | 003 | 09/08/2024 | Books |